000 00355 a2200157 4500
001 48841
040 _cAnchieta - Bela Vista
100 _aCunha, Leo
240 1 0 _aManual de desculpas esfarrapadas
_lpor
245 1 0 _aManual de desculpas esfarrapadas
300 _a91
362 0 _a2004
440 1 _aFTD
650 4 _aLiteratura juvenil
942 _cBK
999 _c48841
_d48841